00335nam a22001337a 450000500170000000800410001704100080005808200090006610000300007524500360010526000280014130000080016965000240017720160520165859.0160520b xxu||||| |||| 00| 0 eng d aeng b3628 aDr. Kamal Kumar R.C. Ghai aAdvanced Mechanics of Materials bKhanna Publishingc2002 a306 aDIPLOMA ENGINEERING